[Event "XIV C.to Italiano U20"]
[Site "Bratto - Castione della Presolana ITA"]
[Date "2006.08.21"]
[Round "3"]
[White "Stella, Andrea"]
[Black "Andreoni, Giuseppe"]
[Result "1-0"]
[WhiteElo "2120"]
[BlackElo "2003"]
[PlyCount "73"]
[EventDate "2006.08.19"]

1. e4 c5 2. Nf3 d6 3. d4 cxd4 4. Nxd4 Nf6 5. Nc3 a6 6. g3 e6 7. Bg2 Be7 8. O-O
O-O 9. h3 Qc7 10. g4 Rd8 11. g5 Nfd7 12. Nf5 Bf8 13. Ne3 Nc6 14. h4 Rb8 15. f4
b5 16. a3 Ne7 17. Ng4 d5 18. f5 d4 19. Ne2 e5 20. f6 Nc6 21. fxg7 Bxg7 22. Ng3
Nf8 23. Nh5 Be6 24. Ngf6+ Kh8 25. Nxg7 Kxg7 26. Qh5 Bc4 27. Qh6+ Kh8 28. Rf2 d3
29. cxd3 Bxd3 30. Nh5 Ne6 31. Nf6 Nf8 32. Bh3 Nd4 33. Be3 Bxe4 34. Nxe4 Qb7 35.
Bg2 Nc2 36. Rxc2 Rbc8 37. Nd6 1-0

[Event "XIV C.to Italiano U20"]
[Site "Bratto - Castione della Presolana ITA"]
[Date "2006.08.21"]
[Round "3"]
[White "Taglione, Stefano"]
[Black "Regorda, Massimiliano"]
[Result "0-1"]
[WhiteElo "1667"]
[BlackElo "1882"]
[PlyCount "42"]
[EventDate "2006.08.19"]

1. e4 e5 2. d4 exd4 3. Qxd4 Nc6 4. Qe3 Nf6 5. Nc3 Bb4 6. Bd2 Qe7 7. Bc4 d6 8.
O-O-O Ne5 9. Bb3 Be6 10. f3 Nc4 11. Bxc4 Bxc4 12. g4 Bc5 13. Qf4 Qe5 14. h4
O-O-O 15. Nh3 h6 16. Rhe1 Bd4 17. Qxe5 dxe5 18. Ne2 Bc5 19. b3 Bxe2 20. Rxe2
Rd7 21. Bc3 Ba3+ 0-1

[Event "XIV C.to Italiano U20"]
[Site "Bratto - Castione della Presolana ITA"]
[Date "2006.08.21"]
[Round "3"]
[White "Testa, Adriano"]
[Black "Battistelli, Alessandro"]
[Result "1-0"]
[WhiteElo "1729"]
[BlackElo "1872"]
[PlyCount "47"]
[EventDate "2006.08.19"]

1. e4 e6 2. d3 d5 3. Nd2 Nc6 4. Ngf3 dxe4 5. dxe4 g6 6. c3 Bh6 7. Bc4 e5 8. O-O
Bg4 9. Qc2 Nge7 10. h3 Bxf3 11. Nxf3 Bxc1 12. Raxc1 Qd6 13. b4 O-O 14. Rcd1 Qf6
15. Rd7 Rac8 16. Rfd1 Rfd8 17. a4 Rxd7 18. Rxd7 Nb8 19. Rd3 Re8 20. Qd2 Nc8 21.
Ng5 Rf8 22. Nxf7 Kg7 23. Qh6+ Kg8 24. Ng5+ 1-0

[Event "XIV C.to Italiano U20"]
[Site "Bratto - Castione della Presolana ITA"]
[Date "2006.08.21"]
[Round "3"]
[White "Valsecchi, Alessio"]
[Black "Romano, Zeno"]
[Result "1/2-1/2"]
[WhiteElo "2004"]
[BlackElo "1862"]
[PlyCount "139"]
[EventDate "2006.08.19"]

1. e4 e5 2. Nf3 Nc6 3. Bb5 a6 4. Ba4 Nf6 5. O-O Be7 6. d3 b5 7. Bb3 d6 8. c3
Na5 9. Bc2 c5 10. Nbd2 O-O 11. Re1 Nc6 12. Nf1 Re8 13. Ng3 Bf8 14. h3 Ne7 15.
Be3 Ng6 16. a4 Bb7 17. Bb3 h6 18. h4 Ng4 19. Ng5 c4 20. Nxf7 Kxf7 21. dxc4 bxc4
22. Bxc4+ d5 23. h5 Nxe3 24. hxg6+ Kg8 25. fxe3 dxc4 26. Qg4 Bc8 27. Qf3 Qf6
28. Qxf6 gxf6 29. Nh5 Bg7 30. Rf1 Rf8 31. Rf2 Bg4 32. Ng3 Rfd8 33. Nf5 Rd3 34.
Ne7+ Kh8 35. Nd5 Rf8 36. a5 Be6 37. Nc7 Bc8 38. Ra4 Bb7 39. Rxc4 Rc8 40. Rc5
Bf8 41. g7+ Bxg7 42. Ne6 Rd6 43. Rxc8+ Bxc8 44. Nc7 Bb7 45. Nd5 f5 46. Rxf5
Bxd5 47. exd5 Rxd5 48. b4 Rd1+ 49. Rf1 Rxf1+ 50. Kxf1 e4 51. b5 Be5 52. c4 Bd6
53. Ke2 axb5 54. cxb5 Bb4 55. Kf2 Kg7 56. Kg3 Bd6+ 57. Kh4 Kg6 58. b6 Bc5 59.
Kg4 Bxe3 60. b7 h5+ 61. Kg3 h4+ 62. Kg4 Ba7 63. Kf4 Kh5 64. Kxe4 Kg4 65. Kd5
Kg3 66. Kc6 Kxg2 67. Kc7 h3 68. b8=Q Bxb8+ 69. Kxb8 h2 70. a6 1/2-1/2

[Event "XIV C.to Italiano U20"]
[Site "Bratto - Castione della Presolana ITA"]
[Date "2006.08.21"]
[Round "3"]
[White "Vocaturo, Daniele"]
[Black "Stromboli, Ettore"]
[Result "1-0"]
[WhiteElo "2410"]
[BlackElo "2224"]
[PlyCount "69"]
[EventDate "2006.08.19"]

1. e4 e6 2. d4 d5 3. Nc3 Bb4 4. e5 c5 5. a3 Bxc3+ 6. bxc3 Ne7 7. h4 Nbc6 8. h5
Qa5 9. Bd2 Bd7 10. h6 gxh6 11. Rb1 Qc7 12. Nf3 O-O-O 13. Bxh6 cxd4 14. cxd4 Nf5
15. Bg5 Rdf8 16. g4 Ncxd4 17. Nxd4 Qc3+ 18. Bd2 Qxd4 19. Qe2 Ne7 20. Rh3 Nc6
21. Rhb3 b6 22. Qa6+ Kc7 23. Be3 Qxe5 24. Rxb6 axb6 25. Qxb6+ Kd6 26. Qc5+ Kc7
27. f4 Qe4 28. Rb4 Qxe3+ 29. Qxe3 Nxb4 30. axb4 Bc6 31. b5 Bb7 32. Qc5+ Kb8 33.
b6 f6 34. Qd6+ Ka8 35. Qa3+ 1-0

[Event "XIV C.to Italiano U20"]
[Site "Bratto - Castione della Presolana ITA"]
[Date "2006.08.22"]
[Round "4"]
[White "Andreoni, Giuseppe"]
[Black "Mora, Lorenzo"]
[Result "1/2-1/2"]
[WhiteElo "2003"]
[BlackElo "1871"]
[PlyCount "76"]
[EventDate "2006.08.19"]

1. e4 e5 2. Nf3 Nc6 3. Bb5 a6 4. Ba4 Nf6 5. O-O Nxe4 6. d4 b5 7. Bb3 d5 8. dxe5
Be6 9. Nbd2 Nc5 10. c3 Be7 11. Bc2 d4 12. cxd4 Nxd4 13. Be4 Nxe4 14. Nxe4 c5
15. Bg5 Bg4 16. Nd6+ Kf8 17. Nxd4 Bxd1 18. Nc6 Qd7 19. Bxe7+ Kg8 20. Raxd1 Qxc6
21. f4 h6 22. f5 f6 23. Rf3 Kh7 24. Rh3 fxe5 25. Nf7 Qc7 26. f6 gxf6 27. Rxh6+
Kg8 28. Nxh8 Qxe7 29. Ng6 Qa7 30. Nh4 Rf8 31. Rd6 b4 32. Nf5 c4+ 33. Kf1 Qf7
34. Rh4 Qc7 35. Rg4+ Kh8 36. Rh4+ Kg8 37. Rg4+ Kh8 38. Rh4+ Kg8 1/2-1/2

[Event "XIV C.to Italiano U20"]
[Site "Bratto - Castione della Presolana ITA"]
[Date "2006.08.22"]
[Round "4"]
[White "Battistelli, Alessandro"]
[Black "Palmitessa, Andrea"]
[Result "0-1"]
[WhiteElo "1872"]
[BlackElo "1512"]
[PlyCount "80"]
[EventDate "2006.08.19"]

1. d4 d5 2. Nf3 Bf5 3. Nbd2 Nf6 4. c4 e6 5. Qb3 b6 6. e3 Nbd7 7. Nh4 Bg6 8.
cxd5 Nxd5 9. Nxg6 hxg6 10. Bb5 Rc8 11. e4 N5f6 12. Bc6 a5 13. Nf3 Be7 14. Ne5
O-O 15. Nxg6 Re8 16. Nxe7+ Qxe7 17. Bg5 e5 18. Bxd7 Qxd7 19. Bxf6 gxf6 20. d5
Red8 21. h4 f5 22. Qg3+ Kh7 23. exf5 Qxf5 24. Qg5 Qe4+ 25. Qe3 Qxg2 26. Ke2
Qg4+ 27. Qf3 Qxf3+ 28. Kxf3 Rxd5 29. Rad1 Rcd8 30. Rc1 R8d7 31. Rc2 Rd2 32.
Rhc1 Rxc2 33. Rxc2 Kg6 34. Kg3 Kh5 35. Re2 f6 36. f3 Rd4 37. Re4 Rxe4 38. fxe4
b5 39. a3 c5 40. Kh3 c4 0-1

[Event "XIV C.to Italiano U20"]
[Site "Bratto - Castione della Presolana ITA"]
[Date "2006.08.22"]
[Round "4"]
[White "Bellemo, Davide"]
[Black "Lai, Luca"]
[Result "1-0"]
[WhiteElo "2093"]
[BlackElo "1877"]
[PlyCount "45"]
[EventDate "2006.08.19"]

1. d4 d5 2. c4 e5 3. dxe5 d4 4. Nf3 Nc6 5. g3 Be6 6. Nbd2 Qd7 7. Bg2 O-O-O 8.
O-O h5 9. a3 Nge7 10. b4 Nf5 11. c5 h4 12. g4 h3 13. Bh1 Nd6 14. exd6 Bb3 15.
Ne5 Nxe5 16. Qxb3 d3 17. Bf3 dxe2 18. Bxe2 cxd6 19. Nc4 Nxg4 20. Qg3 Nf6 21.
Nxd6+ Bxd6 22. cxd6 Kb8 23. Bf3 1-0

[Event "XIV C.to Italiano U20"]
[Site "Bratto - Castione della Presolana ITA"]
[Date "2006.08.22"]
[Round "4"]
[White "Coladangelo, Andrea"]
[Black "Boscolo, Marco"]
[Result "0-1"]
[WhiteElo "1548"]
[BlackElo "2041"]
[PlyCount "78"]
[EventDate "2006.08.19"]

1. e4 Nf6 2. e5 Nd5 3. d4 d6 4. Nf3 g6 5. Bc4 Nb6 6. Bb3 Bg7 7. O-O O-O 8. a4
a5 9. h3 Nc6 10. exd6 Qxd6 11. c3 Bf5 12. Na3 Na7 13. Re1 Rad8 14. Bg5 Bf6 15.
Bh6 Bg7 16. Bg5 Nc6 17. Nb5 Qd7 18. Bf4 Rc8 19. Ng5 h6 20. Ne4 Bxe4 21. Rxe4 e6
22. Qf3 Ne7 23. Rae1 Ned5 24. Bh2 Kh8 25. Be5 c5 26. c4 Nb4 27. Nd6 Rc6 28. Rh4
f6 29. Bh2 cxd4 30. Rxd4 e5 31. Rg4 Rxd6 32. Rxg6 Rd3 33. Qh5 Rxb3 34. Rd1 Rd3
35. Re1 Kh7 36. f4 Nxc4 37. b3 Qf7 38. f5 Ne3 39. Kh1 Nxf5 0-1

[Event "XIV C.to Italiano U20"]
[Site "Bratto - Castione della Presolana ITA"]
[Date "2006.08.22"]
[Round "4"]
[White "Cozzarin, Davide"]
[Black "Fratino, Lorenzo"]
[Result "1/2-1/2"]
[WhiteElo "2062"]
[BlackElo "1901"]
[PlyCount "52"]
[EventDate "2006.08.19"]

1. d4 d5 2. c4 c6 3. Nc3 Nf6 4. cxd5 cxd5 5. Bf4 a6 6. e3 Nc6 7. Bd3 e6 8. Nge2
Be7 9. O-O Nh5 10. Bg3 Nxg3 11. Nxg3 O-O 12. Rc1 Bd7 13. a3 b5 14. b4 a5 15.
Bxb5 Qb6 16. Bxc6 Bxc6 17. b5 Bxa3 18. bxc6 Bxc1 19. Qxc1 Rfc8 20. Na4 Qb5 21.
Nc5 Rxc6 22. Qa3 Rb6 23. Ra1 Qb4 24. h3 Qd2 25. Nb3 Qc3 26. Nc5 Qd2 1/2-1/2

[Event "XIV C.to Italiano U20"]
[Site "Bratto - Castione della Presolana ITA"]
[Date "2006.08.22"]
[Round "4"]
[White "De Nisi, Mario"]
[Black "Fossati, Remigio"]
[Result "0-1"]
[WhiteElo "1974"]
[BlackElo "2203"]
[PlyCount "54"]
[EventDate "2006.08.19"]

1. c4 Nf6 2. Nc3 d5 3. cxd5 Nxd5 4. d4 g6 5. e4 Nxc3 6. bxc3 Bg7 7. Bc4 c5 8.
Ne2 O-O 9. Be3 Nc6 10. Rc1 Qc7 11. Qc2 Na5 12. Bb3 Bd7 13. c4 cxd4 14. Bxd4
Bxd4 15. Nxd4 Qc5 16. O-O Rfd8 17. Ne2 Rac8 18. Rfd1 Be6 19. Rxd8+ Rxd8 20. Nf4
Bxc4 21. Nd5 b5 22. Qc3 Qa3 23. Nxe7+ Qxe7 24. Qxa5 Rd3 25. Rb1 Qxe4 26. Qxa7
Rxb3 27. Rd1 Rd3 0-1

[Event "XIV C.to Italiano U20"]
[Site "Bratto - Castione della Presolana ITA"]
[Date "2006.08.22"]
[Round "4"]
[White "Dini, Andrea"]
[Black "Testa, Adriano"]
[Result "1/2-1/2"]
[WhiteElo "1930"]
[BlackElo "1729"]
[PlyCount "71"]
[EventDate "2006.08.19"]

1. c4 e6 2. Nf3 d5 3. d4 Nf6 4. Qc2 c6 5. Nbd2 Nbd7 6. g3 Be7 7. Bg2 O-O 8. O-O
b6 9. e4 dxe4 10. Nxe4 Bb7 11. Ne5 Nxe5 12. dxe5 Nxe4 13. Qxe4 Qc7 14. Rd1 Rab8
15. Bd2 c5 16. Qe2 Bxg2 17. Kxg2 Rfd8 18. Bc3 Qc6+ 19. Kg1 Rbc8 20. Rac1 a5 21.
f3 Qa8 22. Kf2 Rc7 23. Qe4 Qxe4 24. fxe4 Rcd7 25. Ke2 Rxd1 26. Rxd1 Rxd1 27.
Kxd1 Bd8 28. Kc2 Kf8 29. Kb3 Ke8 30. Ka4 Kd7 31. Kb5 Kc7 32. a3 Be7 33. Bd2 Kb7
34. g4 h6 35. Bf4 Bd8 36. Bd2 1/2-1/2

[Event "XIV C.to Italiano U20"]
[Site "Bratto - Castione della Presolana ITA"]
[Date "2006.08.22"]
[Round "4"]
[White "Gallucci, Alessio"]
[Black "Valsecchi, Alessio"]
[Result "0-1"]
[WhiteElo "1840"]
[BlackElo "2004"]
[PlyCount "56"]
[EventDate "2006.08.19"]

1. e4 c5 2. Nc3 Nc6 3. f4 g6 4. Bc4 Bg7 5. Nf3 d6 6. O-O e6 7. d3 Nge7 8. Bd2
O-O 9. Rb1 a6 10. a4 Bd7 11. Ne2 d5 12. Ba2 b5 13. Bc3 Nd4 14. Nexd4 cxd4 15.
Bb4 dxe4 16. dxe4 bxa4 17. e5 Nf5 18. Bxf8 Bxf8 19. Kh1 Bc6 20. Qd2 Bc5 21. Rf2
h5 22. Bc4 h4 23. Ng5 h3 24. Bf1 Ne3 25. Nxh3 Qh4 26. Rf3 Bxf3 27. gxf3 Nxf1
28. Rxf1 Qxh3 0-1

[Event "XIV C.to Italiano U20"]
[Site "Bratto - Castione della Presolana ITA"]
[Date "2006.08.22"]
[Round "4"]
[White "Gilardi, Davide"]
[Black "Paladino, Giovanni"]
[Result "1/2-1/2"]
[WhiteElo "1518"]
[BlackElo "1760"]
[PlyCount "107"]
[EventDate "2006.08.19"]

1. d4 d5 2. c4 e6 3. Nc3 Nf6 4. Bg5 Be7 5. e3 O-O 6. Nf3 Nbd7 7. Bd3 b6 8. O-O
Bb7 9. cxd5 exd5 10. Nd2 c5 11. Rc1 c4 12. Bb1 a6 13. a4 Bc6 14. f3 b5 15. axb5
axb5 16. e4 dxe4 17. fxe4 Qb6 18. Be3 Ne5 19. Nf3 Neg4 20. Bg5 h6 21. Bxf6 Bxf6
22. Qd2 Rad8 23. Ne2 Rfe8 24. Qf4 Ne5 25. Nxe5 Rxe5 26. Kh1 Re7 27. Rcd1 Bxd4
28. Nxd4 Rxd4 29. Rxd4 Qxd4 30. Qb8+ Re8 31. Qc7 Qd7 32. Qf4 Qe7 33. h3 f6 34.
Qf5 Bxe4 35. Bxe4 Qxe4 36. Qxb5 Qe2 37. Rc1 Kf7 38. Qxc4+ Qxc4 39. Rxc4 Rb8 40.
Rc7+ Kg6 41. Rc2 Kf5 42. Kg1 Rb7 43. Kf2 Ke4 44. Re2+ Kf4 45. g3+ Kg5 46. Kg2
Rb3 47. Rf2 h5 48. h4+ Kg6 49. Kh3 f5 50. Kg2 Kf6 51. Kh2 Ke5 52. Kg2 f4 53.
Rxf4 Rxb2+ 54. Kh3 1/2-1/2

[Event "XIV C.to Italiano U20"]
[Site "Bratto - Castione della Presolana ITA"]
[Date "2006.08.22"]
[Round "4"]
[White "Lain, Luigi"]
[Black "Bosi, Clint"]
[Result "1-0"]
[WhiteElo "2254"]
[BlackElo "2050"]
[PlyCount "71"]
[EventDate "2006.08.19"]

1. d4 Nf6 2. c4 g6 3. Nc3 Bg7 4. e4 d6 5. f3 O-O 6. Be3 e5 7. d5 a5 8. Qd2 Na6
9. O-O-O Ne8 10. g4 c6 11. Bd3 Nb4 12. Nge2 cxd5 13. cxd5 Bd7 14. Kb1 Nc7 15.
h4 b5 16. Ng3 Nxd3 17. Qxd3 b4 18. Nce2 Qe7 19. h5 Ba4 20. Rdg1 Nb5 21. Ka1
Rfc8 22. hxg6 fxg6 23. b3 Nd4 24. bxa4 Nc2+ 25. Kb2 Qd7 26. Kb3 Nd4+ 27. Bxd4
exd4 28. Rc1 Rc3+ 29. Nxc3 dxc3 30. Ne2 Rf8 31. Rhf1 Rc8 32. Rc2 Qa7 33. Nf4
Bh6 34. Ne6 Bd2 35. Qxd2 cxd2 36. Rxc8+ 1-0

[Event "XIV C.to Italiano U20"]
[Site "Bratto - Castione della Presolana ITA"]
[Date "2006.08.22"]
[Round "4"]
[White "Lapiccirella, Daniele"]
[Black "Dvirnyy, Danyyil"]
[Result "0-1"]
[WhiteElo "2146"]
[BlackElo "2280"]
[PlyCount "64"]
[EventDate "2006.08.19"]

1. d4 Nf6 2. c4 g6 3. Nc3 Bg7 4. e4 d6 5. f3 O-O 6. Be3 e5 7. d5 c6 8. Bd3 cxd5
9. cxd5 a6 10. Nge2 Nbd7 11. b4 Nh5 12. Qd2 f5 13. exf5 gxf5 14. O-O Nf4 15.
Nxf4 exf4 16. Bxf4 Qb6+ 17. Kh1 Qxb4 18. Rfc1 Ne5 19. Bf1 Ng6 20. Bg5 f4 21. h4
h6 22. h5 hxg5 23. hxg6 Bf5 24. a3 Qd4 25. Ra2 Rac8 26. Ne2 Qf2 27. Rd1 Qh4+
28. Kg1 Rc4 29. Rb2 b5 30. Rb4 Rc2 31. Qe1 Qxe1 32. Rxe1 Re8 0-1

[Event "XIV C.to Italiano U20"]
[Site "Bratto - Castione della Presolana ITA"]
[Date "2006.08.22"]
[Round "4"]
[White "Locci, Damiano"]
[Black "De Filomeno, Simone"]
[Result "1-0"]
[WhiteElo "1976"]
[BlackElo "1687"]
[PlyCount "81"]
[EventDate "2006.08.19"]

1. e4 e5 2. Nf3 Nf6 3. Nc3 Bb4 4. d3 Nc6 5. a3 Bxc3+ 6. bxc3 d5 7. exd5 Nxd5 8.
Bd2 O-O 9. Be2 f5 10. O-O Qd6 11. c4 Nf6 12. Bc3 Nd4 13. Nxd4 exd4 14. Bd2 c5
15. Bf3 h6 16. Rb1 Rb8 17. g3 g5 18. h4 f4 19. gxf4 gxf4 20. Qc1 Nh7 21. Bd5+
Kh8 22. f3 Qg6+ 23. Kf2 Qg3+ 24. Ke2 Bh3 25. Rf2 Rbe8+ 26. Be4 Qxh4 27. Rxb7
Ng5 28. Qh1 Nxe4 29. dxe4 Rxe4+ 30. Kd1 Qxf2 31. fxe4 Qf1+ 32. Qxf1 Bxf1 33.
Ke1 Bxc4 34. Kf2 d3 35. Bc3+ Kg8 36. Rg7+ Kh8 37. Rxa7+ Kg8 38. Rg7+ Kh8 39.
cxd3 Ba2 40. Kf3 h5 41. Rg2+ 1-0

[Event "XIV C.to Italiano U20"]
[Site "Bratto - Castione della Presolana ITA"]
[Date "2006.08.22"]
[Round "4"]
[White "Manconi, Antonio"]
[Black "Popa, Dragos"]
[Result "1/2-1/2"]
[WhiteElo "2023"]
[BlackElo "1703"]
[PlyCount "49"]
[EventDate "2006.08.19"]

1. Nf3 d5 2. b3 Nf6 3. Bb2 Bf5 4. e3 c6 5. Bd3 Bxd3 6. cxd3 e6 7. d4 Nbd7 8.
Ne5 Bd6 9. O-O O-O 10. f4 Qe7 11. Rf3 Ne8 12. Rh3 Bxe5 13. fxe5 Rc8 14. Ba3 c5
15. dxc5 Rc6 16. b4 a6 17. d4 f6 18. exf6 Ndxf6 19. Bb2 Ne4 20. a4 Nf2 21. Qh5
Nxh3+ 22. Qxh3 Qf7 23. Qf3 Qxf3 24. gxf3 Rxf3 25. Ra3 1/2-1/2

[Event "XIV C.to Italiano U20"]
[Site "Bratto - Castione della Presolana ITA"]
[Date "2006.08.22"]
[Round "4"]
[White "Marazzi, Dominic"]
[Black "Cantu', Guido"]
[Result "1-0"]
[WhiteElo "1679"]
[BlackElo "1842"]
[PlyCount "131"]
[EventDate "2006.08.19"]

1. Nf3 Nf6 2. c4 g6 3. d4 Bg7 4. Nc3 O-O 5. e4 d6 6. Bg5 Nbd7 7. Qd2 c6 8. Bh6
Qc7 9. Bxg7 Kxg7 10. h4 h5 11. Ng5 e5 12. d5 c5 13. f3 Nh7 14. g4 Ndf6 15. gxh5
Nxh5 16. Qf2 Nxg5 17. hxg5 Qe7 18. Rg1 Nf4 19. O-O-O Bd7 20. Ne2 Rh8 21. Nxf4
exf4 22. Bd3 Qe5 23. Qd2 Rh5 24. Qc3 Qxc3+ 25. bxc3 Rah8 26. Rd2 Rh2 27. Rdg2
Rxg2 28. Rxg2 Rh1+ 29. Kb2 Bh3 30. Rf2 Rg1 31. Ka3 Rxg5 32. Rb2 b6 33. Rh2 Rg3
34. Be2 Bg2 35. e5 Kf8 36. exd6 Ke8 37. Bd1 Kd7 38. Rh7 Kxd6 39. Rxf7 Bxf3 40.
Rf6+ Ke7 41. Re6+ Kd8 42. Bxf3 Rxf3 43. Ka4 g5 44. Kb5 Re3 45. Rg6 Re8 46. Kc6
Rf8 47. d6 f3 48. Rg7 f2 49. Rxa7 Ke8 50. Ra8+ Kf7 51. Rxf8+ Kxf8 52. d7 f1=Q
53. d8=Q+ Kf7 54. Qxg5 Qb1 55. Qf4+ Kg6 56. Qg4+ Kf6 57. Qf3+ Kg6 58. Qe2 Kf6
59. Qd2 Ke7 60. Qd7+ Kf6 61. Qd8+ Kf7 62. Qc7+ Ke8 63. Qb8+ Ke7 64. Qa7+ Ke8
65. Qa4 Ke7 66. Qa7+ 1-0

[Event "XIV C.to Italiano U20"]
[Site "Bratto - Castione della Presolana ITA"]
[Date "2006.08.22"]
[Round "4"]
[White "Pomaro, Alberto"]
[Black "Navarro, Stefano"]
[Result "0-1"]
[WhiteElo "2046"]
[BlackElo "2224"]
[PlyCount "134"]
[EventDate "2006.08.19"]

1. d4 d5 2. c4 e6 3. Nc3 Nf6 4. cxd5 exd5 5. Bg5 Be7 6. e3 c6 7. Bd3 Nbd7 8.
Qc2 O-O 9. Nf3 Re8 10. O-O Nf8 11. h3 Ne4 12. Bxe7 Qxe7 13. b4 Ng5 14. Nxg5
Qxg5 15. Kh2 Re6 16. Bf5 Rh6 17. Bxc8 Rxc8 18. Ne2 Ng6 19. Ng3 Nh4 20. Rae1 f5
21. f4 Qf6 22. Ne2 Qf8 23. g3 Ng6 24. Qc5 b6 25. Qxf8+ Nxf8 26. Rc1 Re6 27. Rc3
Rce8 28. Rf3 Nd7 29. Nc1 Nf6 30. Kg2 Ne4 31. Rc2 Nd6 32. Kf2 Nc4 33. Re2 Ra8
34. Nb3 a5 35. bxa5 Nxa5 36. Nxa5 Rxa5 37. Rb2 c5 38. dxc5 bxc5 39. Ke1 c4 40.
Kd1 Ra3 41. Rd2 Rd6 42. Ke2 Kf7 43. g4 fxg4 44. hxg4 Rh6 45. Rf2 Rh3 46. Rf3
Rh4 47. g5 g6 48. Kf2 Rh2+ 49. Ke1 Rxd2 50. Kxd2 Rxa2+ 51. Kc3 Ra3+ 52. Kd4 Ke6
53. f5+ gxf5 54. Rh3 Rd3+ 55. Kc5 c3 56. Rh6+ Kf7 57. Kd6 c2 58. Rxh7+ Kg6 59.
Rc7 Rd2 60. Ke5 Kxg5 61. Rg7+ Kh4 62. Rc7 Kg4 63. Rc3 d4 64. Rc4 f4 65. exf4 d3
66. f5+ Kg5 67. f6 Re2+ 0-1

[Event "XIV C.to Italiano U20"]
[Site "Bratto - Castione della Presolana ITA"]
[Date "2006.08.22"]
[Round "4"]
[White "Regorda, Massimiliano"]
[Black "Bartoli, Fabio"]
[Result "1/2-1/2"]
[WhiteElo "1882"]
[BlackElo "1572"]
[PlyCount "48"]
[EventDate "2006.08.19"]

1. e4 c5 2. Nf3 d6 3. Bb5+ Bd7 4. Bxd7+ Nxd7 5. d4 cxd4 6. Nxd4 Ngf6 7. Nc3 a6
8. Qe2 e5 9. Nf3 b5 10. a3 Be7 11. O-O O-O 12. Be3 Nb6 13. Bxb6 Qxb6 14. Rad1
Rfd8 15. Nd5 Nxd5 16. Rxd5 Rac8 17. Rfd1 Qc6 18. c3 Qc4 19. Qxc4 bxc4 20. Ra5
Rc6 21. h3 Rb8 22. Rb1 h6 23. Nd2 Bg5 24. Nf3 Be7 1/2-1/2

[Event "XIV C.to Italiano U20"]
[Site "Bratto - Castione della Presolana ITA"]
[Date "2006.08.22"]
[Round "4"]
[White "Rombaldoni, Brian"]
[Black "Bernardini, Luca"]
[Result "0-1"]
[WhiteElo "1704"]
[BlackElo "1826"]
[PlyCount "96"]
[EventDate "2006.08.19"]

1. d4 d5 2. Nf3 c6 3. Bf4 Nf6 4. Nbd2 Nbd7 5. c3 e6 6. e3 Be7 7. Bd3 Nh5 8. O-O
g5 9. Be5 Nxe5 10. Nxe5 Ng7 11. f4 f6 12. Ng4 f5 13. Ne5 g4 14. h3 h5 15. Be2
Bf6 16. hxg4 hxg4 17. Bxg4 Bxe5 18. fxe5 Qh4 19. Bh3 Bd7 20. c4 O-O-O 21. cxd5
exd5 22. Rc1 Rdg8 23. Rf3 Ne6 24. Qe1 Qxe1+ 25. Rxe1 Ng5 26. Kf2 Nxf3 27. Kxf3
Kd8 28. a4 Ke7 29. a5 b6 30. b4 bxa5 31. bxa5 Rb8 32. Ra1 Rhf8 33. Nf1 Rb4 34.
Rc1 f4 35. Bxd7 fxe3+ 36. Kxe3 Kxd7 37. g3 Ra4 38. Nd2 Rxa5 39. Rc3 Ra1 40. Nf3
Rf1 41. Ke2 Ra1 42. Kf2 a5 43. Kg2 a4 44. Rc5 Ra2+ 45. Kh3 Rxf3 46. Kg4 Rd3 47.
Kf5 Rxg3 48. e6+ Kd6 0-1

[Event "XIV C.to Italiano U20"]
[Site "Bratto - Castione della Presolana ITA"]
[Date "2006.08.22"]
[Round "4"]
[White "Rombaldoni, Denis"]
[Black "Caruana, Fabiano"]
[Result "1/2-1/2"]
[WhiteElo "2348"]
[BlackElo "2444"]
[PlyCount "81"]
[EventDate "2006.08.19"]

1. d4 e6 2. c4 Nf6 3. Nf3 Bb4+ 4. Bd2 Qe7 5. g3 Nc6 6. Nc3 O-O 7. Bg2 Bxc3 8.
Bxc3 Ne4 9. Rc1 d6 10. d5 Nd8 11. Bb4 a5 12. Ba3 e5 13. Nd2 Nxd2 14. Qxd2 b6
15. O-O Nb7 16. b3 Nc5 17. Bb2 Bf5 18. h3 Bg6 19. Kh2 f5 20. f4 exf4 21. Rxf4
Rae8 22. Qd4 Nd7 23. Rcf1 Nf6 24. Bf3 Qe3 25. Qxe3 Rxe3 26. Bd4 Re7 27. Bxf6
Rxf6 28. Kg2 Re5 29. h4 Kf8 30. Kf2 Ke7 31. a3 Rf8 32. b4 axb4 33. axb4 Ra8 34.
c5 bxc5 35. bxc5 Bf7 36. cxd6+ cxd6 37. Rc1 Bxd5 38. Rc7+ Kf6 39. Rd4 Ra5 40.
Rd7 Bxf3 41. R4xd6+ 1/2-1/2

[Event "XIV C.to Italiano U20"]
[Site "Bratto - Castione della Presolana ITA"]
[Date "2006.08.22"]
[Round "4"]
[White "Ronchetti, Niccolo'"]
[Black "Vocaturo, Daniele"]
[Result "1/2-1/2"]
[WhiteElo "2421"]
[BlackElo "2410"]
[PlyCount "55"]
[EventDate "2006.08.19"]

1. e4 c5 2. Nf3 d6 3. Bb5+ Bd7 4. Bxd7+ Qxd7 5. O-O Nf6 6. e5 dxe5 7. Nxe5 Qd6
8. Qe2 e6 9. Na3 Be7 10. b3 O-O 11. Bb2 Nd5 12. Nac4 Qd8 13. d4 cxd4 14. Rad1
Bc5 15. Qe4 b5 16. Nd2 Qa5 17. Bxd4 Bxd4 18. Qxd4 Na6 19. Ne4 Qc7 20. c4 bxc4
21. Nxc4 Rfd8 22. Qb2 Nc5 23. Nxc5 Qxc5 24. Qd4 Qxd4 25. Rxd4 Nc3 26. Rxd8+
Rxd8 27. g3 g5 28. Kg2 1/2-1/2

[Event "XIV C.to Italiano U20"]
[Site "Bratto - Castione della Presolana ITA"]
[Date "2006.08.22"]
[Round "4"]
[White "Sala, Giovanni"]
[Black "Bonafede, Alessandro"]
[Result "1/2-1/2"]
[WhiteElo "1968"]
[BlackElo "2175"]
[PlyCount "135"]
[EventDate "2006.08.19"]

1. e4 c5 2. Nf3 Nc6 3. d4 cxd4 4. Nxd4 Nf6 5. Nc3 e5 6. Ndb5 d6 7. Bg5 a6 8.
Na3 b5 9. Nd5 Be7 10. Bxf6 Bxf6 11. c3 Bg5 12. Nc2 Rb8 13. a4 bxa4 14. Ncb4
Nxb4 15. Nxb4 Bd7 16. Bxa6 Qa5 17. Qxd6 Rb6 18. Qd3 Be7 19. Rd1 Be6 20. Bc4 O-O
21. Bxe6 fxe6 22. O-O Bxb4 23. cxb4 Qxb4 24. Qc2 Qb5 25. Rd2 Rc6 26. Qd3 Qxd3
27. Rxd3 Rb8 28. Rd7 Rxb2 29. Ra7 Rc4 30. Rd1 Rd4 31. Rc1 Rbd2 32. Kf1 Rd1+ 33.
Rxd1 Rxd1+ 34. Ke2 Rd4 35. Ke3 Rb4 36. f3 h5 37. Kf2 h4 38. g3 Rb2+ 39. Kg1 h3
40. Rxa4 Rg2+ 41. Kh1 Kf7 42. Ra3 Kf6 43. Rd3 Ke7 44. f4 Kf6 45. Re3 g6 46. Rd3
Re2 47. Kg1 exf4 48. gxf4 Rxe4 49. Rxh3 Rxf4 50. Re3 e5 51. Kg2 e4 52. Kg3 Ke5
53. Ra3 Rf1 54. Kg2 Rf5 55. Ra8 Kd4 56. Ra4+ Ke3 57. Ra3+ Kf4 58. Ra4 Rb5 59.
Ra8 g5 60. Rf8+ Ke3 61. Ra8 Rb2+ 62. Kg3 Rb1 63. Ra3+ Ke2 64. Kg2 e3 65. Ra2+
Kd1 66. Kf3 Rb3 67. Ra1+ Kd2 68. Ra2+ 1/2-1/2

[Event "XIV C.to Italiano U20"]
[Site "Bratto - Castione della Presolana ITA"]
[Date "2006.08.22"]
[Round "4"]
[White "Stromboli, Carlo"]
[Black "Stella, Andrea"]
[Result "1-0"]
[WhiteElo "2196"]
[BlackElo "2120"]
[PlyCount "109"]
[EventDate "2006.08.19"]

1. e4 c5 2. Nf3 d6 3. d4 cxd4 4. Nxd4 Nf6 5. f3 e5 6. Bb5+ Nbd7 7. Nf5 d5 8.
exd5 a6 9. Ba4 b5 10. Bb3 Nc5 11. Ne3 Nxb3 12. axb3 Bc5 13. Nc3 Bb7 14. O-O
Nxd5 15. Ncxd5 Qxd5 16. Qxd5 Bxd5 17. Rd1 Be6 18. Kh1 Bxe3 19. Bxe3 O-O 20. b4
Rfc8 21. Bc5 Bf5 22. c3 f6 23. Ra5 Rc6 24. Kg1 Kf7 25. Kf2 Ke6 26. Ke3 Bc2 27.
Rda1 Kd5 28. Rxb5 axb5 29. Rxa8 Kc4 30. Kd2 Kb3 31. Kc1 Bd3 32. Ra3+ Kc4 33.
Kd2 Bf1 34. g3 Bg2 35. b3+ Kd5 36. Ke2 Re6 37. Ra5 e4 38. f4 Bf3+ 39. Ke3 Kc6
40. Ra6+ Kd7 41. Ra7+ Kc6 42. c4 f5 43. Ra6+ Kd7 44. cxb5 Bd1 45. Ra7+ Kc8 46.
b6 Rc6 47. Bd4 Re6 48. Rxg7 h5 49. b7+ Kb8 50. Be5+ Rxe5 51. fxe5 Bxb3 52. Kd4
e3 53. Kxe3 h4 54. Kd4 hxg3 55. hxg3 1-0